عرض عادي عرض مارك
  • New products

مدخل مصطلح موضوعي

عدد التسجيلات المستخدمة في: 5

001 - رقم الضبط

  • حقل الضبط: 3988

003 - معرف رقم الضبط

  • حقل الضبط: OSt

005 - تاريخ ووقت أخر عملية

  • حقل الضبط: 20110907070357.0

008 - عناصر بيانات ثابتة الطول

  • حقل تحكم ثابت الطول: 110907|||a|||||| | ||| d

040 ## - مصدر الفهرسة

  • هيئة الفهرسة الأصلية: OSt
  • وكالة الكتابة: OSt

150 ## - مدخل-- مصطلح تاريخي

  • عنصر مدخل المصطلح الموضوعي او الاسم الجغرافي: New products
  • تفريع عام: Management.

670 ## - بيانات المصدر موجوده

  • الاستشهاد بالمصدر: Work cat.: (OSt): Burgelman, Robert A. 3986, Strategic management of technology and innovation., 2009